[Event "Charlesbourg Zukertort"]
[Site "Charlesbourg CAN"]
[Date "2007.05.07"]
[Round "1"]
[White "Bluteau, Yvon"]
[Black "Sirois, Eric"]
[Result "1-0"]
[WhiteElo "1768"]
[BlackElo "1698"]
[PlyCount "32"]
[GameId "2160767910684620"]
[EventDate "2007.05.07"]
[EventType "team-swiss"]
[EventRounds "6"]
[EventCountry "CAN"]
[SourceTitle "EXT 2022"]
[Source "ChessBase"]
[SourceDate "2021.10.06"]
[SourceVersion "1"]
[SourceVersionDate "2021.10.06"]
[SourceQuality "1"]
[WhiteTeam "Les no-names anonymes"]
[BlackTeam "Les Griffons"]
[WhiteTeamCountry "CAN"]
[BlackTeamCountry "CAN"]

1. d4 Nf6 2. Nf3 e6 3. c4 b6 4. Nc3 Bb7 5. g3 Be7 6. Bg2 O-O 7. O-O d5 8. cxd5 Nxd5 9. Qc2 Nxc3 10. Qxc3 Nd7 11. Rd1 Rc8 12. Qd3 c5 13. Ng5 Bxg5 14. Bxb7 Rc7 15. Bxg5 Qxg5 16. Bg2 cxd4 1-0

[Event "Charlesbourg Zukertort"]
[Site "Charlesbourg CAN"]
[Date "2007.05.07"]
[Round "1"]
[White "Boissinot, Claude"]
[Black "Bisson, Real"]
[Result "0-1"]
[WhiteElo "1589"]
[BlackElo "1664"]
[PlyCount "114"]
[GameId "2160767910684621"]
[EventDate "2007.05.07"]
[EventType "team-swiss"]
[EventRounds "6"]
[EventCountry "CAN"]
[SourceTitle "EXT 2022"]
[Source "ChessBase"]
[SourceDate "2021.10.06"]
[SourceVersion "1"]
[SourceVersionDate "2021.10.06"]
[SourceQuality "1"]
[WhiteTeam "Les Denis Drolet"]
[BlackTeam "Les Affames"]
[WhiteTeamCountry "CAN"]
[BlackTeamCountry "CAN"]

1. e4 c6 2. d4 d5 3. Nc3 dxe4 4. Nxe4 Nd7 5. Nf3 Ngf6 6. Nxf6+ exf6 7. Bc4 Bd6 8. O-O O-O 9. Re1 Qc7 10. h3 b5 11. Bd3 Bb7 12. c3 Nb6 13. Qc2 g6 14. Bh6 Rfe8 15. Nd2 Nd5 16. Ne4 Bf4 17. Bxf4 Qxf4 18. g3 Qc7 19. a3 Re7 20. c4 bxc4 21. Bxc4 Kg7 22. Rac1 Rc8 23. Qd2 Qd8 24. Nc5 Rcc7 25. Qa5 Bc8 26. Kh2 f5 27. Qd2 Nf6 28. f3 Qd6 29. Rg1 Nh5 30. Qf2 Be6 31. Bxe6 fxe6 32. f4 Rc8 33. Rge1 Rd8 34. Rcd1 Nf6 35. Qe3 Kf7 36. Nd3 Ne4 37. Ne5+ Kg7 38. g4 Qd5 39. Nf3 a5 40. Rc1 Rb8 41. Rc2 Rb3 42. Qe2 Reb7 43. Rd1 fxg4 44. hxg4 Rf7 45. Ng5 Rxf4 46. Nxe4 Rxe4 47. Qg2 Qd6+ 48. Kh1 Rxd4 49. Rxd4 Qxd4 50. Rd2 Rh3+ 51. Qxh3 Qxd2 52. Qb3 Qd5+ 53. Qxd5 exd5 54. Kg2 Kf6 55. Kf3 Kg5 56. a4 c5 57. b3 h6 0-1

[Event "Charlesbourg Zukertort"]
[Site "Charlesbourg CAN"]
[Date "2007.05.07"]
[Round "1"]
[White "Boulianne, Gabriel"]
[Black "Plourde, Simon"]
[Result "1/2-1/2"]
[WhiteElo "1479"]
[BlackElo "1300"]
[PlyCount "87"]
[GameId "2160767910684622"]
[EventDate "2007.05.07"]
[EventType "team-swiss"]
[EventRounds "6"]
[EventCountry "CAN"]
[SourceTitle "EXT 2022"]
[Source "ChessBase"]
[SourceDate "2021.10.06"]
[SourceVersion "1"]
[SourceVersionDate "2021.10.06"]
[SourceQuality "1"]
[WhiteTeam "Les Denis Drolet"]
[BlackTeam "Les Affames"]
[WhiteTeamCountry "CAN"]
[BlackTeamCountry "CAN"]

1. d4 Nf6 2. c4 g6 3. Nc3 d5 4. cxd5 Nxd5 5. e4 Nxc3 6. bxc3 c5 7. Nf3 Bg7 8. Be3 Nc6 9. Rb1 cxd4 10. cxd4 O-O 11. Qd2 a6 12. d5 Ne5 13. Nxe5 Bxe5 14. f4 Bc7 15. Qb2 b5 16. Be2 Bb6 17. Bxb6 Qxb6 18. Bf3 Qe3+ 19. Qe2 Qxf4 20. O-O Qe5 21. Rfe1 h5 22. Rbc1 Bd7 23. Rc2 Rac8 24. Rec1 Rxc2 25. Qxc2 Rc8 26. Qd2 Rxc1+ 27. Qxc1 Kg7 28. Kh1 a5 29. h3 b4 30. Qc4 e6 31. Kg1 Kf6 32. Kh1 h4 33. Kg1 Qc3 34. Qe2 Qd4+ 35. Kh1 Bc8 36. Kh2 Bb7 37. Qb5 Qe5+ 38. Kh1 Qc7 39. e5+ Kg7 40. d6 Qc1+ 41. Kh2 Qf4+ 42. Kg1 Qe3+ 43. Kh2 Qf4+ 44. Kg1 1/2-1/2

[Event "Charlesbourg Zukertort"]
[Site "Charlesbourg CAN"]
[Date "2007.05.07"]
[Round "1"]
[White "Chiffot, Nicolas"]
[Black "Poliquin, Yvone"]
[Result "1/2-1/2"]
[WhiteElo "1801"]
[BlackElo "1872"]
[PlyCount "69"]
[GameId "2160767910684623"]
[EventDate "2007.05.07"]
[EventType "team-swiss"]
[EventRounds "6"]
[EventCountry "CAN"]
[SourceTitle "EXT 2022"]
[Source "ChessBase"]
[SourceDate "2021.10.06"]
[SourceVersion "1"]
[SourceVersionDate "2021.10.06"]
[SourceQuality "1"]
[WhiteTeam "Les Denis Drolet"]
[BlackTeam "Les Affames"]
[WhiteTeamCountry "CAN"]
[BlackTeamCountry "CAN"]

1. f4 d6 2. Nf3 Bg4 3. e4 Nd7 4. Bc4 Ngf6 5. d3 e5 6. h3 Bxf3 7. Qxf3 c6 8. Nc3 Be7 9. f5 Nb6 10. Bb3 h6 11. Bd2 Qc7 12. g4 Nfd7 13. O-O-O Nc5 14. h4 Nxb3+ 15. axb3 O-O-O 16. g5 hxg5 17. hxg5 f6 18. Rdg1 a6 19. gxf6 Bxf6 20. Rg6 Nd7 21. Rhg1 Rh7 22. Qg2 b5 23. Bg5 Rdh8 24. Bxf6 gxf6 25. Rg8+ Kb7 26. Rxh8 Rxh8 27. Qg7 Qd8 28. Qf7 Qe8 29. Qxe8 Rxe8 30. Rg7 Kc7 31. b4 Kd8 32. Nd1 Re7 33. Rg8+ Re8 34. Rg7 Re7 35. Rg8+ 1/2-1/2

[Event "Charlesbourg Zukertort"]
[Site "Charlesbourg CAN"]
[Date "2007.05.07"]
[Round "1"]
[White "Drolet, Stephane"]
[Black "Laflamme, Simon"]
[Result "1/2-1/2"]
[WhiteElo "2099"]
[BlackElo "2002"]
[PlyCount "47"]
[GameId "2160767910684624"]
[EventDate "2007.05.07"]
[EventType "team-swiss"]
[EventRounds "6"]
[EventCountry "CAN"]
[SourceTitle "EXT 2022"]
[Source "ChessBase"]
[SourceDate "2021.10.06"]
[SourceVersion "1"]
[SourceVersionDate "2021.10.06"]
[SourceQuality "1"]
[WhiteTeam "Les Denis Drolet"]
[BlackTeam "Les Affames"]
[WhiteTeamCountry "CAN"]
[BlackTeamCountry "CAN"]

1. Nf3 Nf6 2. c4 g6 3. b3 Bg7 4. Bb2 O-O 5. g3 d6 6. d4 e5 7. dxe5 Ng4 8. Qc1 Nxe5 9. Bg2 Nbc6 10. O-O Nxf3+ 11. Bxf3 Nd4 12. Rd1 Nxf3+ 13. exf3 Bxb2 14. Qxb2 Bd7 15. Qd4 Bc6 16. Rd3 Re8 17. Nc3 Qg5 18. f4 Qh5 19. Rf1 Re7 20. f3 Rae8 21. Qf2 Qf5 22. Qd2 Qc5+ 23. Kg2 b5 24. f5 1/2-1/2

[Event "Charlesbourg Zukertort"]
[Site "Charlesbourg CAN"]
[Date "2007.05.07"]
[Round "1"]
[White "Lessard, Claude"]
[Black "Beaudoin, Stephane"]
[Result "1/2-1/2"]
[WhiteElo "2069"]
[BlackElo "2040"]
[PlyCount "115"]
[GameId "2160767910684625"]
[EventDate "2007.05.07"]
[EventType "team-swiss"]
[EventRounds "6"]
[EventCountry "CAN"]
[SourceTitle "EXT 2022"]
[Source "ChessBase"]
[SourceDate "2021.10.06"]
[SourceVersion "1"]
[SourceVersionDate "2021.10.06"]
[SourceQuality "1"]
[WhiteTeam "Les no-names anonymes"]
[BlackTeam "Les Griffons"]
[WhiteTeamCountry "CAN"]
[BlackTeamCountry "CAN"]

1. d4 Nf6 2. c4 c5 3. d5 d6 4. Nc3 g6 5. e4 Bg7 6. Nf3 O-O 7. Be2 e6 8. O-O exd5 9. exd5 Bg4 10. h3 Bxf3 11. Bxf3 Qb6 12. Rb1 Nfd7 13. Na4 Qc7 14. Re1 a6 15. Be2 Nf6 16. Bf4 Nbd7 17. Bf1 Rfe8 18. Qc2 Nh5 19. Bh2 Be5 20. Bxe5 Nxe5 21. Qd2 Ng7 22. f4 Nxc4 23. Bxc4 b5 24. Nc3 Rxe1+ 25. Rxe1 bxc4 26. g4 f5 27. g5 Qd7 28. Kf2 Re8 29. Kf3 Re7 30. Rxe7 Qxe7 31. a4 Kf7 32. h4 Ne8 33. Qf2 Qb7 34. Qe2 Nc7 35. Qd2 Ne6 36. Kg3 Nd4 37. Qf2 Qb3 38. Qd2 Ke7 39. Qf2 Kd7 40. Qd2 Qc2 41. Qxc2 Nxc2 42. Kf2 Kc7 43. a5 Nd4 44. Nd1 Nb5 45. Nc3 Kd7 46. Ke3 Nd4 47. Na4 Nc2+ 48. Kf3 Nb4 49. Nb6+ Kc7 50. Ke3 Kd8 51. Kf3 Ke7 52. Nc8+ Kd7 53. Nb6+ Kc7 54. Ke3 Kd8 55. Kf3 Ke7 56. Ke3 Nc2+ 57. Kf2 Nb4 58. Kf3 1/2-1/2

[Event "Charlesbourg Zukertort"]
[Site "Charlesbourg CAN"]
[Date "2007.05.07"]
[Round "1"]
[White "Monga, Alain"]
[Black "Filiatreault, Michel"]
[Result "0-1"]
[WhiteElo "1770"]
[BlackElo "1879"]
[PlyCount "111"]
[GameId "2160767910684626"]
[EventDate "2007.05.07"]
[EventType "team-swiss"]
[EventRounds "6"]
[EventCountry "CAN"]
[SourceTitle "EXT 2022"]
[Source "ChessBase"]
[SourceDate "2021.10.06"]
[SourceVersion "1"]
[SourceVersionDate "2021.10.06"]
[SourceQuality "1"]
[WhiteTeam "Les no-names anonymes"]
[BlackTeam "Les Griffons"]
[WhiteTeamCountry "CAN"]
[BlackTeamCountry "CAN"]

1. e4 c5 2. Nf3 e6 3. d4 cxd4 4. Nxd4 Nc6 5. Nc3 Nf6 6. Bg5 h6 7. Be3 Bb4 8. Qd3 a6 9. Nxc6 bxc6 10. a3 Be7 11. Be2 O-O 12. O-O a5 13. Qd2 d5 14. e5 Nd7 15. Bf4 Ba6 16. Rfd1 Bxe2 17. Qxe2 Bg5 18. Qe3 Bxf4 19. Qxf4 Qc7 20. Re1 Rab8 21. b3 c5 22. a4 Rb4 23. Qg3 Rb6 24. Nb5 Qb8 25. Rad1 f6 26. Qc3 fxe5 27. Qxa5 e4 28. Qa7 Rxb5 29. Qxd7 Rb6 30. Qe7 Qc8 31. Qh4 Rb4 32. Qh3 Rf5 33. Qe3 Rf6 34. Rb1 Rb7 35. Rb2 c4 36. b4 e5 37. c3 Ra6 38. Qd2 Qe6 39. Ra1 Qd7 40. b5 Rxb5 41. Rxb5 Qxb5 42. Rd1 Rxa4 43. f3 Qc5+ 44. Kf1 exf3 45. Qxd5+ Qxd5 46. Rxd5 fxg2+ 47. Kxg2 Ra2+ 48. Kg3 Rc2 49. Rxe5 Rxc3+ 50. Kg4 Rc1 51. Rc5 Kf7 52. Rc7+ Kf6 53. Rc6+ Ke5 54. Kf3 Rc3+ 55. Kf2 Kd4 56. Rd6+ 0-1

[Event "Charlesbourg Zukertort"]
[Site "Charlesbourg CAN"]
[Date "2007.05.14"]
[Round "2"]
[White "Boulianne, Gabriel"]
[Black "Beauchesne, Jonathan"]
[Result "1-0"]
[WhiteElo "1479"]
[BlackElo "1519"]
[PlyCount "65"]
[GameId "2160767910684627"]
[EventDate "2007.05.07"]
[EventType "team-swiss"]
[EventRounds "6"]
[EventCountry "CAN"]
[SourceTitle "EXT 2022"]
[Source "ChessBase"]
[SourceDate "2021.10.06"]
[SourceVersion "1"]
[SourceVersionDate "2021.10.06"]
[SourceQuality "1"]
[WhiteTeam "Les Denis Drolet"]
[BlackTeam "Les no-names anonymes"]
[WhiteTeamCountry "CAN"]
[BlackTeamCountry "CAN"]

1. d4 Nf6 2. c4 g6 3. Nc3 Bg7 4. e4 d6 5. f4 e5 6. dxe5 dxe5 7. Qxd8+ Kxd8 8. fxe5 Ng4 9. Bg5+ Kd7 10. Rd1+ Ke6 11. c5 Nxe5 12. Nd5 f6 13. Nxc7+ Kf7 14. Bf4 Bg4 15. Be2 Nbc6 16. Bxe5 Nxe5 17. Nxa8 Bxe2 18. Nxe2 Rxa8 19. O-O Bh6 20. Nf4 a5 21. Nd5 Bg7 22. Nb6 Re8 23. Rd6 Nc6 24. Rd7+ Re7 25. Rxe7+ Kxe7 26. Rd1 Ne5 27. Nc8+ Ke6 28. Nd6 Bh6 29. Nxb7 Ng4 30. h3 Be3+ 31. Kf1 Nf2 32. Rd6+ Ke5 33. c6 1-0

[Event "Charlesbourg Zukertort"]
[Site "Charlesbourg CAN"]
[Date "2007.05.14"]
[Round "2"]
[White "Chiffot, Nicolas"]
[Black "Monga, Alain"]
[Result "1-0"]
[WhiteElo "1801"]
[BlackElo "1770"]
[PlyCount "113"]
[GameId "2160767910684628"]
[EventDate "2007.05.07"]
[EventType "team-swiss"]
[EventRounds "6"]
[EventCountry "CAN"]
[SourceTitle "EXT 2022"]
[Source "ChessBase"]
[SourceDate "2021.10.06"]
[SourceVersion "1"]
[SourceVersionDate "2021.10.06"]
[SourceQuality "1"]
[WhiteTeam "Les Denis Drolet"]
[BlackTeam "Les no-names anonymes"]
[WhiteTeamCountry "CAN"]
[BlackTeamCountry "CAN"]

1. e4 c5 2. Nf3 d6 3. d4 cxd4 4. Nxd4 Nf6 5. Nc3 a6 6. g3 e5 7. Nde2 Be7 8. Bg2 Qc7 9. a4 O-O 10. O-O Nbd7 11. h3 Nb6 12. g4 Bd7 13. a5 Nc8 14. Qd3 b6 15. axb6 Qxb6 16. Be3 Qb7 17. Ng3 Rd8 18. Nf5 Bf8 19. Bg5 Bc6 20. Bxf6 gxf6 21. Nd5 Bxd5 22. Qxd5 Qxd5 23. exd5 Ne7 24. Nxe7+ Bxe7 25. Be4 Rdb8 26. b3 Bd8 27. Ra4 Bb6 28. Rfa1 Bd4 29. R1a2 Rb6 30. Bd3 Rc8 31. Rxa6 Rc3 32. Ra8+ Kg7 33. Kg2 Rxd3 34. cxd3 Rxb3 35. R8a3 Rb5 36. Kf3 Rxd5 37. Ra5 Bc5 38. Ke2 Kg6 39. Ra8 Kg7 40. R2a4 Bb6 41. Rb4 Ra5 42. Rxa5 Bxa5 43. Rb5 Bc3 44. Rb6 d5 45. Rb5 d4 46. Kf3 Bd2 47. h4 Kg6 48. Rb6 h6 49. Ke4 Be1 50. h5+ Kg7 51. Kf5 Bxf2 52. Rxf6 Bh4 53. Rd6 Bg3 54. Rd7 Bf4 55. Re7 Bg3 56. Rxe5 Bxe5 57. Kxe5 1-0

[Event "Charlesbourg Zukertort"]
[Site "Charlesbourg CAN"]
[Date "2007.05.14"]
[Round "2"]
[White "Drolet, Stephane"]
[Black "Lessard, Claude"]
[Result "1-0"]
[WhiteElo "2099"]
[BlackElo "2069"]
[PlyCount "111"]
[GameId "2160767910684629"]
[EventDate "2007.05.07"]
[EventType "team-swiss"]
[EventRounds "6"]
[EventCountry "CAN"]
[SourceTitle "EXT 2022"]
[Source "ChessBase"]
[SourceDate "2021.10.06"]
[SourceVersion "1"]
[SourceVersionDate "2021.10.06"]
[SourceQuality "1"]
[WhiteTeam "Les Denis Drolet"]
[BlackTeam "Les no-names anonymes"]
[WhiteTeamCountry "CAN"]
[BlackTeamCountry "CAN"]

1. d4 Nf6 2. Nf3 d6 3. g3 g6 4. Bg2 Bg7 5. O-O O-O 6. b3 Nc6 7. Bb2 e5 8. dxe5 Ng4 9. Nbd2 Ngxe5 10. Qc1 Qe7 11. Nxe5 Nxe5 12. Nf3 Rb8 13. Nxe5 Bxe5 14. Qe3 b6 15. Bxe5 Qxe5 16. Qxe5 dxe5 17. Rad1 Bg4 18. Rd2 Rbd8 19. Rfd1 Rxd2 20. Rxd2 Re8 21. Bc6 Re7 22. b4 Be6 23. a4 Bc4 24. Bb5 Bxb5 25. axb5 Kg7 26. c4 Kf6 27. Ra2 Rd7 28. Rxa7 Ke6 29. Kg2 Kd6 30. Ra3 e4 31. Ra6 Ke5 32. c5 Rd4 33. cxb6 cxb6 34. Rxb6 Rxb4 35. Rb7 Ke6 36. b6 h5 37. Rb8 Ke7 38. h4 Rb2 39. b7 Rb5 40. e3 Rb2 41. Kh3 Kf6 42. Kg2 Kf5 43. Kh3 Rb3 44. Kh2 Kg4 45. Kg2 Rb2 46. Re8 Rxb7 47. Rxe4+ Kf5 48. Rc4 Rb2 49. Kf3 Kf6 50. e4 Ke6 51. Rc5 f6 52. Rc3 Rb6 53. Ke3 Ra6 54. f4 Rb6 55. Kd4 Rb4+ 56. Ke3 1-0

[Event "Charlesbourg Zukertort"]
[Site "Charlesbourg CAN"]
[Date "2007.05.14"]
[Round "2"]
[White "Gagnon, Francois"]
[Black "Bluteau, Yvon"]
[Result "1/2-1/2"]
[WhiteElo "1773"]
[BlackElo "1768"]
[PlyCount "78"]
[GameId "2160767910684630"]
[EventDate "2007.05.07"]
[EventType "team-swiss"]
[EventRounds "6"]
[EventCountry "CAN"]
[SourceTitle "EXT 2022"]
[Source "ChessBase"]
[SourceDate "2021.10.06"]
[SourceVersion "1"]
[SourceVersionDate "2021.10.06"]
[SourceQuality "1"]
[WhiteTeam "Les Denis Drolet"]
[BlackTeam "Les no-names anonymes"]
[WhiteTeamCountry "CAN"]
[BlackTeamCountry "CAN"]

1. e4 c5 2. Nf3 Nf6 3. e5 Nd5 4. Nc3 e6 5. Nxd5 exd5 6. d4 d6 7. Bg5 Be7 8. Bxe7 Kxe7 9. exd6+ Qxd6 10. Qd2 Re8 11. Be2 Nc6 12. O-O Kf8 13. Rad1 Nxd4 14. Nxd4 cxd4 15. Rfe1 Bf5 16. Bb5 Rxe1+ 17. Rxe1 a6 18. Ba4 b5 19. Bb3 a5 20. Qxd4 Rd8 21. a4 bxa4 22. Bxa4 Qb4 23. Qe5 Be6 24. b3 Qd2 25. c4 dxc4 26. bxc4 Qb4 27. Bb5 a4 28. f4 g6 29. Qh8+ Ke7 30. Rxe6+ fxe6 31. Qg7+ Kd6 32. Qe5+ Ke7 33. Qc7+ Kf6 34. Qxd8+ Kg7 35. Qd7+ Kh6 36. Qxe6 Qb1+ 37. Kf2 Qb2+ 38. Kg3 a3 39. Qe7 a2 1/2-1/2

[Event "Charlesbourg Zukertort"]
[Site "Charlesbourg CAN"]
[Date "2007.05.14"]
[Round "2"]
[White "Laflamme, Simon"]
[Black "Beaudoin, Stephane"]
[Result "0-1"]
[WhiteElo "2002"]
[BlackElo "2040"]
[PlyCount "116"]
[GameId "2160767910684631"]
[EventDate "2007.05.07"]
[EventType "team-swiss"]
[EventRounds "6"]
[EventCountry "CAN"]
[SourceTitle "EXT 2022"]
[Source "ChessBase"]
[SourceDate "2021.10.06"]
[SourceVersion "1"]
[SourceVersionDate "2021.10.06"]
[SourceQuality "1"]
[WhiteTeam "Les Affames"]
[BlackTeam "Les Griffons"]
[WhiteTeamCountry "CAN"]
[BlackTeamCountry "CAN"]

1. e4 g6 2. d4 Bg7 3. Nc3 d6 4. Be3 c6 5. Qd2 Nd7 6. Nf3 a6 7. Bd3 b5 8. O-O Bb7 9. Ne2 e5 10. c3 Ngf6 11. Bh6 O-O 12. Ng3 c5 13. Bxg7 Kxg7 14. Qg5 Ne8 15. Qe3 c4 16. Bc2 Nc7 17. Rad1 Qe7 18. Rd2 Ne6 19. Rfd1 Rfd8 20. h3 Nf4 21. dxe5 dxe5 22. Rxd7 Rxd7 23. Rxd7 Qxd7 24. Nxe5 Nxh3+ 25. gxh3 Qe6 26. Ng4 Rg8 27. Qh6+ Kh8 28. Nh2 Bc8 29. Kg2 Qd6 30. Nf3 Qf8 31. Qh4 Qg7 32. e5 Bb7 33. Be4 Bc8 34. Bd5 g5 35. Qh5 g4 36. hxg4 Bxg4 37. Qxf7 Rd8 38. Nd4 Qxe5 39. Be4 Qg7 40. Qxg7+ Kxg7 41. f3 Bc8 42. Nh5+ Kh6 43. Nf6 Kg5 44. Nxh7+ Kf4 45. Nf6 Ke3 46. Nd5+ Kd2 47. Kf2 Rh8 48. Nb6 Kc1 49. b4 cxb3 50. axb3 Kb2 51. c4 bxc4 52. bxc4 Kc3 53. Ke3 Kb4 54. Kd3 Bh3 55. Nd5+ Ka3 56. Kc3 Rb8 57. f4 Rg8 58. c5 Rg3+ 0-1

[Event "Charlesbourg Zukertort"]
[Site "Charlesbourg CAN"]
[Date "2007.05.14"]
[Round "2"]
[White "Poliquin, Yvone"]
[Black "Filiatreault, Michel"]
[Result "0-1"]
[WhiteElo "1872"]
[BlackElo "1879"]
[PlyCount "74"]
[GameId "2160767910684632"]
[EventDate "2007.05.07"]
[EventType "team-swiss"]
[EventRounds "6"]
[EventCountry "CAN"]
[SourceTitle "EXT 2022"]
[Source "ChessBase"]
[SourceDate "2021.10.06"]
[SourceVersion "1"]
[SourceVersionDate "2021.10.06"]
[SourceQuality "1"]
[WhiteTeam "Les Affames"]
[BlackTeam "Les Griffons"]
[WhiteTeamCountry "CAN"]
[BlackTeamCountry "CAN"]

1. e4 c5 2. Nf3 e6 3. d4 cxd4 4. Nxd4 Nc6 5. Nxc6 bxc6 6. Bd3 Nf6 7. Nd2 d5 8. O-O Be7 9. c4 O-O 10. Qc2 h6 11. b3 a5 12. a3 Ba6 13. Bb2 Rc8 14. Kh1 Qc7 15. Be2 Rfd8 16. f4 Nxe4 17. Nxe4 dxe4 18. Qxe4 c5 19. Bd3 g6 20. Qe3 Bb7 21. f5 Bg5 22. Qe2 exf5 23. Rfd1 Re8 24. Qc2 Qc6 25. Bf1 Bf6 26. Bxf6 Qxf6 27. Qd2 Qg5 28. Qxg5 hxg5 29. Rd3 Re7 30. Kg1 f4 31. Rad1 Rce8 32. Kf2 Be4 33. R3d2 g4 34. Rd8 Bc2 35. Rxe8+ Rxe8 36. Rd5 Rc8 37. Rg5 Bf5 0-1

[Event "Charlesbourg Zukertort"]
[Site "Charlesbourg CAN"]
[Date "2007.05.21"]
[Round "3"]
[White "Beaudoin, Stephane"]
[Black "Drolet, Stephane"]
[Result "1/2-1/2"]
[WhiteElo "2040"]
[BlackElo "2099"]
[PlyCount "48"]
[GameId "2160767910684633"]
[EventDate "2007.05.07"]
[EventType "team-swiss"]
[EventRounds "6"]
[EventCountry "CAN"]
[SourceTitle "EXT 2022"]
[Source "ChessBase"]
[SourceDate "2021.10.06"]
[SourceVersion "1"]
[SourceVersionDate "2021.10.06"]
[SourceQuality "1"]
[WhiteTeam "Les Griffons"]
[BlackTeam "Les Denis Drolet"]
[WhiteTeamCountry "CAN"]
[BlackTeamCountry "CAN"]

1. e4 d5 2. exd5 Qxd5 3. Nc3 Qd6 4. d4 Nf6 5. Be3 a6 6. Qd2 Bf5 7. O-O-O e6 8. Nf3 Nc6 9. Bf4 Qd7 10. Nh4 Bg6 11. Nxg6 hxg6 12. d5 Nxd5 13. Nxd5 Qxd5 14. Qxd5 exd5 15. Rxd5 Rh5 16. Bc4 Rxd5 17. Bxd5 Bd6 18. Bxd6 cxd6 19. h4 Rc8 20. c3 Rc7 21. Kd2 Ne5 22. h5 gxh5 23. Rxh5 Nc4+ 24. Kc2 Nb6 1/2-1/2

[Event "Charlesbourg Zukertort"]
[Site "Charlesbourg CAN"]
[Date "2007.05.21"]
[Round "3"]
[White "Boutin, Andre"]
[Black "Boulianne, Gabriel"]
[Result "0-1"]
[WhiteElo "1317"]
[BlackElo "1479"]
[PlyCount "79"]
[GameId "2160767910684634"]
[EventDate "2007.05.07"]
[EventType "team-swiss"]
[EventRounds "6"]
[EventCountry "CAN"]
[SourceTitle "EXT 2022"]
[Source "ChessBase"]
[SourceDate "2021.10.06"]
[SourceVersion "1"]
[SourceVersionDate "2021.10.06"]
[SourceQuality "1"]
[WhiteTeam "Les Griffons"]
[BlackTeam "Les Denis Drolet"]
[WhiteTeamCountry "CAN"]
[BlackTeamCountry "CAN"]

1. e4 c5 2. Nc3 Nc6 3. g3 e5 4. d3 Nf6 5. Bg2 d6 6. Nge2 Bg4 7. f4 exf4 8. Bxf4 Nh5 9. Qd2 Qb6 10. O-O Bxe2 11. Nxe2 Qxb2 12. Rfb1 Qf6 13. Bg5 Qe5 14. Bf4 Nxf4 15. Nxf4 Be7 16. c3 Rb8 17. Nd5 Bg5 18. Qe1 O-O 19. Qe2 Ne7 20. c4 Nxd5 21. cxd5 Qd4+ 22. Kh1 Qa4 23. Rf1 Bf6 24. Rxf6 gxf6 25. Rf1 Qd4 26. Bh3 Rfe8 27. Bf5 Qxd5 28. Qh5 Qxd3 29. Bxh7+ Kg7 30. Rd1 Qe3 31. Bf5 Rh8 32. Qg4+ Kf8 33. Rxd6 Qh6 34. h3 Qg5 35. h4 Qxg4 36. Bxg4 Rg8 37. Bf5 Rxg3 38. Rxf6 Ke7 39. Rh6 Rbg8 40. Rh5 0-1

[Event "Charlesbourg Zukertort"]
[Site "Charlesbourg CAN"]
[Date "2007.05.21"]
[Round "3"]
[White "Filiatreault, Michel"]
[Black "Chiffot, Nicolas"]
[Result "0-1"]
[WhiteElo "1879"]
[BlackElo "1801"]
[PlyCount "78"]
[GameId "2160767910684635"]
[EventDate "2007.05.07"]
[EventType "team-swiss"]
[EventRounds "6"]
[EventCountry "CAN"]
[SourceTitle "EXT 2022"]
[Source "ChessBase"]
[SourceDate "2021.10.06"]
[SourceVersion "1"]
[SourceVersionDate "2021.10.06"]
[SourceQuality "1"]
[WhiteTeam "Les Griffons"]
[BlackTeam "Les Denis Drolet"]
[WhiteTeamCountry "CAN"]
[BlackTeamCountry "CAN"]

1. c4 Nf6 2. g3 g6 3. Bg2 Bg7 4. Nc3 d6 5. d3 O-O 6. e4 e5 7. Nge2 Nh5 8. O-O c6 9. h3 Nd7 10. Be3 a5 11. Rb1 Nc5 12. Na4 Nxa4 13. Qxa4 f5 14. exf5 Bxf5 15. Qd1 Be6 16. Nc3 Qd7 17. Kh2 d5 18. Na4 Qf7 19. b3 Rad8 20. Bb6 dxc4 21. Bxd8 Rxd8 22. Nc5 cxd3 23. Nxe6 Qxe6 24. Qd2 b6 25. b4 axb4 26. Rxb4 c5 27. Rb5 c4 28. Re1 Rd6 29. a4 Qd7 30. Be4 Nf6 31. f3 Qc7 32. Rxe5 Ng4+ 33. hxg4 Bxe5 34. f4 Bg7 35. Qe3 Qc5 36. Qxc5 bxc5 37. Rd1 Rd4 38. Bf3 c3 39. a5 c2 0-1

[Event "Charlesbourg Zukertort"]
[Site "Charlesbourg CAN"]
[Date "2007.05.21"]
[Round "3"]
[White "Lessard, Claude"]
[Black "Laflamme, Simon"]
[Result "1/2-1/2"]
[WhiteElo "2069"]
[BlackElo "2002"]
[PlyCount "37"]
[GameId "2160767910684636"]
[EventDate "2007.05.07"]
[EventType "team-swiss"]
[EventRounds "6"]
[EventCountry "CAN"]
[SourceTitle "EXT 2022"]
[Source "ChessBase"]
[SourceDate "2021.10.06"]
[SourceVersion "1"]
[SourceVersionDate "2021.10.06"]
[SourceQuality "1"]
[WhiteTeam "Les no-names anonymes"]
[BlackTeam "Les Affames"]
[WhiteTeamCountry "CAN"]
[BlackTeamCountry "CAN"]

1. d4 Nf6 2. Nf3 g6 3. Nbd2 Bg7 4. e4 d6 5. h3 O-O 6. Bd3 Nbd7 7. O-O e5 8. c3 c6 9. Re1 Qe7 10. a4 b6 11. Nc4 Re8 12. b3 Bb7 13. Ba3 c5 14. d5 Bxd5 15. Qc2 Bxc4 16. Bxc4 Nf8 17. Rad1 Ne6 18. Bc1 Rad8 19. g3 1/2-1/2

[Event "Charlesbourg Zukertort"]
[Site "Charlesbourg CAN"]
[Date "2007.05.28"]
[Round "4"]
[White "Beaudoin, Stephane"]
[Black "Lessard, Claude"]
[Result "1-0"]
[WhiteElo "2040"]
[BlackElo "2069"]
[PlyCount "57"]
[GameId "2160767910684637"]
[EventDate "2007.05.07"]
[EventType "team-swiss"]
[EventRounds "6"]
[EventCountry "CAN"]
[SourceTitle "EXT 2022"]
[Source "ChessBase"]
[SourceDate "2021.10.06"]
[SourceVersion "1"]
[SourceVersionDate "2021.10.06"]
[SourceQuality "1"]
[WhiteTeam "Les Griffons"]
[BlackTeam "Les no-names anonymes"]
[WhiteTeamCountry "CAN"]
[BlackTeamCountry "CAN"]

1. e4 g6 2. f4 c6 3. Nf3 Bg7 4. Nc3 d5 5. e5 h5 6. d4 Bg4 7. Be2 e6 8. O-O Bxf3 9. Rxf3 Nh6 10. Bd3 Nd7 11. Be3 Qe7 12. Qd2 Ng4 13. Rb1 Nxe3 14. Qxe3 Bh6 15. Qf2 O-O-O 16. b4 Bg7 17. a4 f5 18. a5 h4 19. Na4 g5 20. fxg5 Qxg5 21. b5 c5 22. Nxc5 Nxc5 23. dxc5 Bxe5 24. c6 Rdg8 25. Bf1 Qf6 26. Rb4 Qe7 27. Qxa7 Bb8 28. cxb7+ Qxb7 29. Rc3+ 1-0